Mr. Food's quick & easy diabetic cooking : (Record no. 542)

MARC details
000 -LEADER
fixed length control field 01239cam a22003134a 4500
005 - DATE AND TIME OF LATEST TRANSACTION
control field 20260322212024.0
008 - FIXED-LENGTH DATA ELEMENTS--GENERAL INFORMATION
fixed length control field data
010 ## - LIBRARY OF CONGRESS CONTROL NUMBER
LC control number 00067645
020 ## - INTERNATIONAL STANDARD BOOK NUMBER
International Standard Book Number 1580400639 (pbk. : alk. paper)
020 ## - INTERNATIONAL STANDARD BOOK NUMBER
International Standard Book Number 9781580400633 (pbk. : alk. paper)
040 ## - CATALOGING SOURCE
Original cataloging agency DLC
Transcribing agency DLC
Modifying agency DLC
042 ## - AUTHENTICATION CODE
Authentication code pcc
050 00 - LIBRARY OF CONGRESS CALL NUMBER
Classification number RC662
Item number .G55 2001
082 00 - DEWEY DECIMAL CLASSIFICATION NUMBER
Classification number 616.4/620654
Edition information 21
092 ## - LOCALLY ASSIGNED DEWEY CALL NUMBER (OCLC)
Classification number 616.4 G55 2001
001 - CONTROL NUMBER
control field data
100 1# - MAIN ENTRY--PERSONAL NAME
Personal name Ginsburg, Art.
245 10 - TITLE STATEMENT
Title Mr. Food's quick & easy diabetic cooking :
Remainder of title by Art Ginsburg ; featuring ADA Spokesperson, Nicole Johnson.
Statement of responsibility, etc. Art Ginsburg.
246 30 - VARYING FORM OF TITLE
Title proper/short title Mr. Food's quick and easy diabetic cooking
246 30 - VARYING FORM OF TITLE
Title proper/short title Mister Food's quick and easy diabetic cooking
246 30 - VARYING FORM OF TITLE
Title proper/short title Quick & easy diabetic cooking
260 ## - PUBLICATION, DISTRIBUTION, ETC.
Place of publication, distribution, etc. Alexandria, VA :
Name of publisher, distributor, etc. American Diabetes Association,
Date of publication, distribution, etc. c2001.
300 ## - PHYSICAL DESCRIPTION
Extent xii, 191 p., [8] p. of plates :
Other physical details ill. (some col.) ;
Dimensions 25 cm.
500 ## - GENERAL NOTE
General note Includes index.
650 #0 - SUBJECT ADDED ENTRY--TOPICAL TERM
Topical term or geographic name entry element Diabetes
General subdivision Diet therapy
Form subdivision Recipes.
856 42 - ELECTRONIC LOCATION AND ACCESS
Materials specified Contributor biographical information
Uniform Resource Identifier <a href="http://www.loc.gov/catdir/bios/mh042/00067645.html">http://www.loc.gov/catdir/bios/mh042/00067645.html</a>
856 42 - ELECTRONIC LOCATION AND ACCESS
Materials specified Publisher description
Uniform Resource Identifier <a href="http://www.loc.gov/catdir/description/mh021/00067645.html">http://www.loc.gov/catdir/description/mh021/00067645.html</a>
856 41 - ELECTRONIC LOCATION AND ACCESS
Materials specified Table of contents
Uniform Resource Identifier <a href="http://www.loc.gov/catdir/toc/mh021/00067645.html">http://www.loc.gov/catdir/toc/mh021/00067645.html</a>
Holdings
Withdrawn status Lost status Damaged status Not for loan Home library Current library Shelving location Date acquired Total checkouts Full call number Barcode Date last seen Price effective from Koha item type
        Riverside Riverside General stacks 22/03/2026   616.4/620654 21 BC0010555 22/03/2026 22/03/2026 Books